ARRUPE JESUIT UNIVERSITY

CORONAVIRUS -STOP THE SPREAD - CLEAN,DISINFECT,COVER

William Cotton Oswell, hunter and explorer : (Record no. 124047)

MARC details
000 -LEADER
fixed length control field 01071cam a22002651a 4500
001 - CONTROL NUMBER
control field 10070768
003 - CONTROL NUMBER IDENTIFIER
control field ARRUPE
005 - DATE AND TIME OF LATEST TRANSACTION
control field 20160127111304.0
008 - FIXED-LENGTH DATA ELEMENTS--GENERAL INFORMATION
fixed length control field 820614s1900 enkabcf 001 0 eng
010 ## - LIBRARY OF CONGRESS CONTROL NUMBER
LC control number 03013612
035 ## - SYSTEM CONTROL NUMBER
System control number (OCoLC)8516154
040 ## - CATALOGING SOURCE
Original cataloging agency DLC
Transcribing agency PPAN
Modifying agency PPAN
-- DLC
042 ## - AUTHENTICATION CODE
Authentication code premarc
050 00 - LIBRARY OF CONGRESS CALL NUMBER
Classification number G463
Item number .O86
300 ## - PHYSICAL DESCRIPTION
Other physical details ill., [6] maps. (3 fold., 1 col.), ports. ;
Dimensions 23 cm.
100 1# - MAIN ENTRY--PERSONAL NAME
Personal name Oswell, William Edward.
9 (RLIN) 21832
245 00 - TITLE STATEMENT
Title William Cotton Oswell, hunter and explorer :
Remainder of title the story of his life with certain correspondance and extracts from the private journal of David Livingstone, hitherto unpublished /
Statement of responsibility, etc by W. Edward Oswell ; with an introduction by Francis Galton.
260 ## - PUBLICATION, DISTRIBUTION, ETC. (IMPRINT)
Place of publication, distribution, etc London :
Name of publisher, distributor, etc W. Heinemann,
Date of publication, distribution, etc 1900.
300 ## - PHYSICAL DESCRIPTION
Extent 2 v., [25] leaves of plates :
500 ## - GENERAL NOTE
General note Includes index.
600 10 - SUBJECT ADDED ENTRY--PERSONAL NAME
Personal name Oswell, William Cotton,
Dates associated with a name 1818-1893.
9 (RLIN) 21833
651 #0 - SUBJECT ADDED ENTRY--GEOGRAPHIC NAME
Geographic name Africa, Central
General subdivision Description and travel.
9 (RLIN) 21834
700 1# - ADDED ENTRY--PERSONAL NAME
Personal name Livingstone, David,
Dates associated with a name 1813-1873.
9 (RLIN) 21835
906 ## - LOCAL DATA ELEMENT F, LDF (RLIN)
a 7
b cbc
c oclcrpl
d u
e ncip
f 19
g y-gencatlg
942 ## - ADDED ENTRY ELEMENTS (KOHA)
Source of classification or shelving scheme Library of Congress Classification
Koha item type SPC
Holdings
Withdrawn status Lost status Source of classification or shelving scheme Damaged status Not for loan Collection code Home library Current library Shelving location Date acquired Total Checkouts Full call number Barcode Date last seen Price effective from Koha item type
    Library of Congress Classification     SPECIAL Collection ARRUPE LIBRARY ARRUPE LIBRARY Reference 27/01/2016   SPC G463 .O86 46500006132 27/01/2016 27/01/2016 SPC

 

Arrupe Library. PO Box MP320 Mt Pleasant, Harare, Zimbabwe
263 242 745411|librarian@aju.ac.zw